Your stomach : (Record no. 8131)

MARC details
000 -LEADER
fixed length control field 02667cam a2200409 a 4500
001 - CONTROL NUMBER
control field 15669619
003 - CONTROL NUMBER IDENTIFIER
control field OSt
005 - DATE AND TIME OF LATEST TRANSACTION
control field 20170405155040.0
008 - FIXED-LENGTH DATA ELEMENTS--GENERAL INFORMATION
fixed length control field 090323s2009 vau b 001 0 eng
010 ## - LIBRARY OF CONGRESS CONTROL NUMBER
LC control number 2009011166
020 ## - INTERNATIONAL STANDARD BOOK NUMBER
International Standard Book Number 9781607660002 (alk. paper)
International Standard Book Number 1607660008 (alk. paper)
035 ## - SYSTEM CONTROL NUMBER
System control number (OCoLC)ocn317118195
037 ## - SOURCE OF ACQUISITION
Stock number 1298114
Source of stock number/acquisition QBI
040 ## - CATALOGING SOURCE
Original cataloging agency DLC
Transcribing agency Your stomach :
Modifying agency QBX
-- IHI
-- DLC
050 00 - LIBRARY OF CONGRESS CALL NUMBER
Classification number RC815.7
Item number .W75 2009
100 1# - MAIN ENTRY--PERSONAL NAME
Personal name Wright, Jonathan V.
9 (RLIN) 16235
245 10 - TITLE STATEMENT
Title Your stomach :
Remainder of title what is really making you miserable and what to do about it /
Statement of responsibility, etc. Jonathan V. Wright.
260 ## - PUBLICATION, DISTRIBUTION, ETC.
Place of publication, distribution, etc. Mount Jackson, VA :
Name of publisher, distributor, etc. Praktikos Books,
Date of publication, distribution, etc. c2009.
300 ## - PHYSICAL DESCRIPTION
Extent vi, 150 p. ;
Dimensions 22 cm.
490 1# - SERIES STATEMENT
Series statement [Praktikos health series]
500 ## - GENERAL NOTE
General note Series from dust jacket.
504 ## - BIBLIOGRAPHY, ETC. NOTE
Bibliography, etc. note Includes bibliographical references (p. 41-144) and index.
505 0# - FORMATTED CONTENTS NOTE
Formatted contents note A very widespread problem -- A medical mistake? -- We need stomach acid -- Stomach acid declines with age -- What really causes heartburn -- What else might cause acid to back up into the throat? -- Why antacids might make the situation worse -- Why do antacids appear to help-at least temporarily? -- What is really happening? -- Doesn't everybody "know" that antacids are the stomach medicine of choice? -- What drug companies actually say -- Don't many doctors agree with the drug companies? -- Doesn't the government support the use of antacids? -- Why antacids may be bad for your bones -- So acidity in the stomach and acidity in the rest of the body are two separate issues? -- Other medical conditions associated with low stomach acid -- Antacids and stomach ulcers -- Additional medical conditions that might be indirectly linked to low stomach acid -- Side effects of prescription-strength antacids -- The case against antacids -- The alternative approach to stomach problems -- Finding an "integrative" doctor who may be more open to alternative approaches.
650 #0 - SUBJECT ADDED ENTRY--TOPICAL TERM
Topical term or geographic name entry element Gastroesophageal reflux
Form subdivision Popular works.
9 (RLIN) 16236
Topical term or geographic name entry element Gastric acid
Form subdivision Popular works.
9 (RLIN) 16237
Topical term or geographic name entry element Heartburn
Form subdivision Popular works.
9 (RLIN) 16238
Topical term or geographic name entry element Antacids
General subdivision Side effects
Form subdivision Popular works.
9 (RLIN) 16239
Topical term or geographic name entry element Gastroesophageal reflux
Form subdivision Bibliography.
9 (RLIN) 16240
Topical term or geographic name entry element Gastric acid
Form subdivision Bibliography.
9 (RLIN) 16241
Topical term or geographic name entry element Heartburn
Form subdivision Bibliography.
9 (RLIN) 16242
Topical term or geographic name entry element Antacids
General subdivision Side effects
Form subdivision Bibliography.
9 (RLIN) 16243
830 #0 - SERIES ADDED ENTRY--UNIFORM TITLE
Uniform title Praktikos health series.
9 (RLIN) 16244
906 ## - LOCAL DATA ELEMENT F, LDF (RLIN)
a 7
b cbc
c orignew
d 1
e ecip
f 20
g y-gencatlg
942 ## - ADDED ENTRY ELEMENTS (KOHA)
Source of classification or shelving scheme Dewey Decimal Classification
Koha item type Ном
Holdings
Date last seen Inventory number Total Checkouts Full call number Barcode Date last checked out Price effective from Non-public note Koha item type Public note Lost status Source of classification or shelving scheme Damaged status Not for loan Withdrawn status Home library Current library Shelving location Date acquired Cost, normal purchase price Source of acquisition
10/18/2017 2369     GA-G002369   10/18/2017   Ном     Dewey Decimal Classification       Говь-Алтай салбар номын сан Говь-Алтай салбар номын сан Үндсэн фонд 10/18/2017 3000.00  
03/22/2021 426   616.3 DG-GH00426   03/22/2021   Ном     Dewey Decimal Classification       Дорноговь салбар номын сан Дорноговь салбар номын сан Үндсэн фонд 03/22/2021 3000.00 2021-03-22
09/20/2019 78     ATNS-SSUFE000078   04/28/2017   Ном     Dewey Decimal Classification       Сувилахуйн номын сан Сувилахуйн номын сан Үндсэн фонд 09/20/2019 3000.00  
04/28/2017 79     ATNS-SSUFE000079   04/28/2017   Ном     Dewey Decimal Classification       Сувилахуйн номын сан Сувилахуйн номын сан Үндсэн фонд 09/20/2019 3000.00  
01/18/2022 7649     ATNS-FB01250   01/18/2022   Ном 2022.08.17 | 2024.05.20   Dewey Decimal Classification       Төв Номын Сан Төв Номын Сан Гадаад уншлагын танхим №1 01/18/2022 3000.00  
05/18/2023 7650 1   ATNS-FB01249 05/02/2023 01/18/2022   Ном 2022.08.17 | 2024.05.20   Dewey Decimal Classification       Төв Номын Сан Төв Номын Сан Гадаад уншлагын танхим №1 01/18/2022 3000.00  
04/22/2022 2443 1 616.3'24 ATNS-UG00304 04/22/2022 04/05/2017 тоолов Ном 2017.06.22 | 2019.6.20 | 2020-08-25 | 2022.09 | 2023.09.18   Dewey Decimal Classification       Эрдэм шинжилгээний номын сан Эрдэм шинжилгээний номын сан Гадаад номын уншлагын танхим 04/05/2017 3000.00